|
|
|
|
| LEADER |
00885nab a2200253 i 4500 |
| 001 |
publ28560 |
| 005 |
20231103084048.0 |
| 008 |
231103s2023 hu o 0|| Angol d |
| 022 |
|
|
|a 0250-7005
|
| 024 |
7 |
|
|a 10.21873/anticanres.16683
|2 doi
|
| 024 |
7 |
|
|a 34231319
|2 mtmt
|
| 040 |
|
|
|a SZTE Publicatio Repozitórium
|b hun
|
| 041 |
|
|
|a Angol
|
| 100 |
1 |
|
|a Rácz Bálint
|
| 245 |
1 |
0 |
|a Antitumor Activity of Symmetrical Selenoesters in Doxorubicin Resistant Breast Cancer
|h [elektronikus dokumentum] /
|c Rácz Bálint
|
| 260 |
|
|
|c 2023
|
| 300 |
|
|
|a 4865-4872
|
| 490 |
0 |
|
|a ANTICANCER RESEARCH
|v 43 No. 11
|
| 650 |
|
4 |
|a Általános orvostudomány
|
| 700 |
0 |
1 |
|a Kristóf Erzsébet
|e aut
|
| 700 |
0 |
1 |
|a Kincses Annamária
|e aut
|
| 700 |
0 |
2 |
|a Dominguez-Alvarez Enrique
|e aut
|
| 700 |
0 |
2 |
|a Spengler Gabriella
|e aut
|
| 856 |
4 |
0 |
|u http://publicatio.bibl.u-szeged.hu/28560/1/15555RACZ.pdf
|z Dokumentum-elérés
|